| 000 | 03010 am a2200865 a 4500 | ||
|---|---|---|---|
| 005 | 20240701092416.0 | ||
| 008 | 100908s2000||||ck a f |||| 001 0 spa d | ||
| 020 | _a9589504922 | ||
| 041 | _aspa | ||
| 092 |
_c618 _l8 _sBOT |
||
| 100 | 1 |
_aBotero Uribe, Jaime. _91435 |
|
| 245 |
_aObstetricia y Ginecología. _bTexto integrado / _cJaime Botero Uribe |
||
| 250 | _a6a ed. | ||
| 260 |
_aColombia: _bUniversidad de Antioquía; _c2000. |
||
| 300 | _a670 p. | ||
| 500 | _aBotero Uribe, J., Júbiz Hazbún, A. y Henao, G. (2000). Obstetricia y Ginecología. Texto integrado. (6a ed.). Colombia : Universidad de Antioquía. | ||
| 653 | _aAnatomía | ||
| 653 | _aEmbriogénesis | ||
| 653 | _aEvaluación de la paciente | ||
| 653 | _aDesarrollo fetal | ||
| 653 | _aFisiología de la gestación | ||
| 653 | _aAtención prenatal | ||
| 653 | _aAtención del parto normal | ||
| 653 | _aAtención del puerperio | ||
| 653 | _aExamen clínico del neonato | ||
| 653 | _aEnfoque del riesgo perinatal | ||
| 653 | _aAborto | ||
| 653 | _aEmbarazo ectópico | ||
| 653 | _aHemorragias del tercer trimestre | ||
| 653 | _aIsoinmunización del factor Rh | ||
| 653 | _aPreeclampsia - Eclampsia | ||
| 653 | _aComplicaciones obstétricas | ||
| 653 | _aComplicaciones médicas y quirúrgicas de la gestación | ||
| 653 | _aInducción del parto | ||
| 653 | _aAnormalidades del parto | ||
| 653 | _aAnormalidades del puerperio | ||
| 653 | _aOperaciones obstétricas | ||
| 653 | _aEvaluación del embarazo de alto riesgo | ||
| 653 | _aRecién nacido con problemas | ||
| 653 | _aConceptos básicos sobre asesoría genética | ||
| 653 | _aAnticoncepción | ||
| 653 | _aVulva | ||
| 653 | _aEnfermedades del cuello uterino | ||
| 653 | _aEnfermedad inflamatoria pélvica | ||
| 653 | _aLesiones del piso pélvico | ||
| 653 | _aUroginecología | ||
| 653 | _aEnfermedades benignas del útero | ||
| 653 | _aEndometriosis y adenomiosis | ||
| 653 | _aTumores benignos del ovario | ||
| 653 | _aEnfermedades de la mama | ||
| 653 | _aNeuroendocrinología de la reproducción | ||
| 653 | _aEsteroidogénesis | ||
| 653 | _aAdolescencia | ||
| 653 | _aAmenorrea primaria y secundaria | ||
| 653 | _aHemorragía uterina anormal | ||
| 653 | _aDismenorrea | ||
| 653 | _aSíndrome de ovarios poliquísticos | ||
| 653 | _aEstados de hiperprolactinemia | ||
| 653 | _aInfertilidad | ||
| 653 | _aFecundación in vitro | ||
| 653 | _aClimaterio | ||
| 653 | _aHormonoterapia | ||
| 653 | _aPrincipios del tratamiento del cáncer | ||
| 653 | _aLesiones malignas de la vulva | ||
| 653 | _aLesiones malignas del cuello uterino | ||
| 653 | _aEnfermedades malignas del útero | ||
| 653 | _aCáncer de ovario | ||
| 653 | _aCáncer de mama | ||
| 653 | _aEnfermedad del trofoblasto | ||
| 653 | _aSíntomas psicosexuales en la niña y en la adolescente | ||
| 700 | 1 |
_aJúbiz Hazbún, Alfonso. _91436 |
|
| 700 | 1 |
_aHenao, Guillermo. _91437 |
|
| 930 | _a677 | ||
| 942 |
_2ddc _cBK |
||
| 999 |
_c708 _d708 |
||